000 01059 a2200289 4500
003 Nust
005 20170207154022.0
010 _a 00042259
020 _a0471388637 (cloth : alk. paper)
020 _a0471414921 (v. 2)
040 _cNust
082 0 0 _a610.285
245 0 0 _aInformation technologies in medicine (E-BOOK)
_cedited by Metin Akay, Andy Marsh.
246 3 0 _aMedical simulation and education
260 _aNew York :
_bWiley,
_cc2001.
300 _a2 v. :
_bill. ;
_c24 cm.
505 1 _aPart 1:Treatment 1 Part 2: Telemedicine And Telesurgery 109
650 0 _aComputer vision in medicine.
650 0 _aRobotics in medicine.
650 0 _aVirtual reality in medicine.
651 _aE-BOOK
700 1 _aAkay, Metin.
700 1 _aMarsh, Andy.
856 4 2 _3Contributor biographical information
_uhttp://www.loc.gov/catdir/bios/wiley043/00042259.html
856 4 2 _3Publisher description
_uhttp://www.loc.gov/catdir/description/wiley035/00042259.html
856 4 2 _3Table of Contents
_uhttp://www.loc.gov/catdir/toc/onix06/00042259.html
942 _2ddc
_cBK
999 _c191707
_d191707